LEADER 01358nam0-22003491--450- 001 990008306790403321 005 20131021094009.0 035 $a000830679 035 $aFED01000830679 035 $a(Aleph)000830679FED01 035 $a000830679 100 $a20060404g19651966km-y0itay50------ba 101 0 $aita 102 $aIT 105 $ay---n---001yy 200 1 $aRaccolta delle circolari ministeriali di carattere normativo riguardanti i vari settori dell'amministrazione finanziaria$fMinistero delle finanze, Direzione degli affari generali e del personale 210 $aRoma$cIst. Poligrafico dello Stato$d1965-1966 215 $a2 v.$din 8° 307 $a1.: 1126 p. ; 2.: 1229 p. 327 1 $a1.: Periodo 1.gennaio - 30 giugno 1964. - 1965$a2.: Periodo 1.luglio - 31 dicembre 1964. - 1966 676 $a348$v20$zita 710 01$aItalia.$bMinistero delle finanze.$bDirezione generale degli affari generali e del personale$0356818 801 0$aIT$bUNINA$gRICA$2UNIMARC 901 $aBK 912 $a990008306790403321 952 $aDT XIV/567-1$b16017$fDEC 952 $aXIV P 11 (1)$b77606$fFGBC 952 $aXIV P 11 (2)$b81468$fFGBC 959 $aDEC 959 $aFGBC 996 $aRaccolta delle circolari ministeriali di carattere normativo riguardanti i vari settori dell'amministrazione finanziaria$9745100 997 $aUNINA